مكتبة جامعة عجلون الوطنية

فهرس بحث المكتبة

Normal view MARC view
  • تاليف عمر، يوسف حسين

Entry Personal Name

Number of records used in: 1

001 - CONTROL NUMBER

  • control field: 34625

003 - CONTROL NUMBER IDENTIFIER

  • control field: JO-AjAnu

005 - DATE AND TIME OF LATEST TRANSACTION

  • control field: 20230606075810.0

008 - FIXED-LENGTH DATA ELEMENTS

  • fixed length control field: 230606|| aca||aabn | a|a d

040 ## - CATALOGING SOURCE

  • Original cataloging agency: JO-AjAnu
  • Transcribing agency: JO-AjAnu

100 ## - HEADING--PERSONAL NAME

  • Personal name: تاليف عمر، يوسف حسين

670 ## - SOURCE DATA FOUND

  • Source citation: Work cat.: (JO-AjAnu)17784: تاليف عمر، يوسف حسين, author, أسباب خلع السلطان عبد الحميد الثاني 1876-1909